| Поле | Инд. | ПП | Название | Значение |
|---|---|---|---|---|
| Тип записи | a | |||
| Библиографический уровень | m | |||
| 001 | Контрольный номер | 67c5abadd8db43d6bc5e82d28a23e0db | ||
| 005 | Дата корректировки | 20230210111847.9 | ||
| 101 | 0_ | a | Язык текста | rus |
| 102 | a | Страна публикации | RU | |
| 200 | 1_ | a | Заглавие | Расчет и проектирование систем обеспечения безопасности |
| b | Общее обозначение материала | Электронный ресурс | ||
| e | Сведения, относящиеся к заглавию | методические указания по выполнению курсовой работы | ||
| e | Сведения, относящиеся к заглавию | дисциплина «Расчет и проектирование систем обеспечения безопасности» | ||
| e | Сведения, относящиеся к заглавию | направление 20.04.01 «Техносферная безопасность» | ||
| 210 | 1_ | a | Место издания | Орел |
| c | Издательство | Изд-во ОГУ имени И. С. Тургенева | ||
| d | Дата издания | 2023 | ||
| 215 | a | Объем | 56 с. | |
| 330 | a | Аннотация | Методические указания содержат требования и рекомендации по выполнению курсовой работы, предусмотренной учебным планом и программой магистратуры. Приведен перечень типовых заданий и примерная структура работы, список рекомендуемой литературы. Предназначены студентам, обучающимся по направлению 20.04.01 «Техносферная безопасность», изучающим дисциплину «Расчет и проектирование систем обеспечения безопасности» заочной формы обучения. | |
| 610 | 0_ | a | Ключевые слова | РИО |
| a | Ключевые слова | полнотекстовые документы | ||
| 700 | _1 | a | Фамилия | Агашков |
| b | Имя | Е. М. | ||
| 701 | _1 | a | Фамилия | Белова |
| b | Имя | Т. И. | ||
| 701 | _1 | a | Фамилия | Яковлева |
| b | Имя | С. Н. | ||
| 801 | _0 | a | Страна | RU |
| b | Организация | ОГУ имени И. С. Тургенева, НБ | ||
| g | Правила каталогизации | PSBO | ||
| 801 | _1 | a | Страна | RU |
| b | Организация | ОГУ имени И. С. Тургенева, НБ | ||
| g | Правила каталогизации | PSBO | ||
| 900 | a | Макрообъекты | agashkov_MU_raschet_i_proektir_sistem_KR | |
| 901 | t | Тип документа | m | |
| 952 | a | Тип литературы для КСУ ВШ | учебная | |
| c | Вид литературы | учебно-методическое издание | ||
| i | Дисциплина | Расчет и проектирование систем обеспечения безопасности | ||
| j | Специальность | Техносферная безопасность |